Statistiken für Christopher-Nolan-Filme

Klicken Sie hier um das Quiz zu spielen!

Allgemein

  • Dieses Quiz wurde 200 mal gespielt
  • Das Durchschnittsergebnis liegt bei 7 aus 11

Antwortstatistiken

JahrAntwort% Korrekt
2010Inception
90%
2014Interstellar
84%
2008The Dark Knight
82%
2005Batman Begins
74%
2012The Dark Knight Rises
72%
2020Tenet
71%
2017Dunkirk
59%
2000Memento
56%
2006Prestige
41%
2002Insomnia
28%
1998Following
22%

Verteilung der Resultate

Perzentil nach korrekt beantworteten Fragen

Anzahl Personen mit jedem Resultat

Ihre Resultats-Entwicklung

Sie haben dieses Quiz noch nicht gespielt